FIFA world cup nations that start with B - Statistics

General Stats
  • This quiz has been taken 74 times
  • The average score is 4 of 5
Answer Stats
Years played Answer % Correct
1930, 1934, 1938, 1950, 1954, 1958, 1962, 1966, 1970, 1974, 1978, 1982, 1986, 1990, 1994, 1998, 2002, 2006, 2010, 2014, 2018, and 2022 Brazil
97%
1930, 1934, 1938, 1954, 1970, 1982, 1986, 1990, 1994, 1998, 2002, 2014, 2018, and 2022 Belgium
95%
1930, 1950, and 1994 Bolivia
88%
2014 Bosnia and Herzegovina
75%
1962, 1966, 1970, 1974, 1986, 1994, and 1998 Bulgaria
73%
No matching quizzes found
Score Distribution
Percent of People with Each Score
Percentile by Number Answered
Your Score History
You have not taken this quiz